000 00312nam a22001097a 4500
005 20250901165504.0
008 210512b |||||||| |||| 00| 0 eng d
050 _aG 73 .K46 2016
245 _aSECONDARY GEOGRAPHY FORM FOUR
_cK.L.B.
260 _aNAIROBI
_bK.L.B.
_c2016
942 _2lcc
_hG 73 .K46 2016
999 _c4780
_d4780